00244nam a22001097a 4500003000400000020001800004082001800022100002400040245003000064260003300094300000700127SGT a9786207651276 a617.601bG24P aPriyadarshi, Surbhi aGenes and Dental Diseases bLambert Academic Pub. c2024 a76